[Event "IECG QA.2008.0.00086"]
[Site "IECG email"]
[Date "2008.11.30"]
[Round "?"]
[White "Rombaldoni, Denis"]
[Black "Vorobiev, Alexander"]
[Result "1-0"]
[WhiteElo "2055"]
[BlackElo "2043"]
[PlyCount "81"]
[EventDate "2008.11.30"]
[EventType "tourn (corr)"]
[EventRounds "6"]
[SourceTitle "Corr 2024"]
[Source "ChessBase"]
[SourceDate "2023.10.19"]
[SourceVersion "1"]
[SourceVersionDate "2023.10.19"]
[SourceQuality "1"]

1. d4 Nf6 2. c4 c5 3. d5 e6 4. Nc3 exd5 5. cxd5 d6 6. Nf3 a6 7. a4 g6 8. e4 Bg7 9. Be2 0-0 10. Bg5 h6 11. Bh4 g5 12. Bg3 Nh5 13. Nd2 Nxg3 14. hxg3 Nd7 15. Nc4 Qe7 16. Qc2 Ne5 17. Ne3 Bd7 18. f4 gxf4 19. gxf4 Ng6 20. g3 Rfe8 21. Kf2 Bd4 22. Rxh6 Kg7 23. Rah1 Rh8 24. Rxh8 Rxh8 25. Rxh8 Kxh8 26. Bf3 Qf6 27. Ne2 Bxb2 28. e5 Bxe5 29. fxe5 Nxe5 30. Nf4 b5 31. axb5 axb5 32. Qa2 Qd8 33. Qa6 Qf8 34. Be4 Qh6 35. Kg2 Bh3+ 36. Kg1 b4 37. Qb7 Bd7 38. Qc7 Qf8 39. Nc4 Qa8 40. Bb1 Qg8 41. Nh5 1-0

[Event "IECG CP.2007.P.00069 email"]
[Site "IECG email"]
[Date "2007.10.01"]
[Round "?"]
[White "Vorobiev, Alexander"]
[Black "Mazzone, Riccardo"]
[Result "0-1"]
[WhiteElo "2017"]
[BlackElo "1600"]
[PlyCount "102"]
[EventDate "2007.10.01"]
[EventType "tourn (corr)"]
[EventRounds "6"]
[SourceTitle "Corr 2024"]
[Source "ChessBase"]
[SourceDate "2023.10.19"]
[SourceVersion "1"]
[SourceVersionDate "2023.10.19"]
[SourceQuality "1"]

1. e4 e6 2. d4 d5 3. Nd2 dxe4 4. Nxe4 Nd7 5. Nf3 Ngf6 6. Nxf6+ Nxf6 7. c3 Be7 8. Bd3 0-0 9. 0-0 b6 10. Qe2 Bb7 11. Bf4 Bxf3 12. Qxf3 Bd6 13. Bg5 Be7 14. Rfe1 h6 15. Bxf6 Bxf6 16. Be4 Rb8 17. Rad1 Qe7 18. d5 e5 19. Bd3 Qd6 20. h4 Rfd8 21. h5 b5 22. Qe4 Kf8 23. Bc2 Qc5 24. Bb3 Rb6 25. Qh7 a5 26. a3 a4 27. Ba2 Rbd6 28. Rd4 c6 29. f4 Re8 30. Kf1 cxd5 31. Qh8+ Ke7 32. Qh7 Kd8 33. Rd2 Re7 34. Red1 Red7 35. Qf5 d4 36. fxe5 Qxe5 37. Qf3 Qc5 38. Qe4 Kc7 39. cxd4 Qxh5 40. Qa8 Kb6 41. Qb8+ Ka5 42. Qa8+ Ra6 43. Qf3 Qxf3+ 44. gxf3 h5 45. d5 Be5 46. Re2 f6 47. Rc1 h4 48. Kg2 Ra8 49. Kh3 g5 50. Rc6 Rf8 51. Rec2 Rd6 0-1

[Event "IECG QA.2007.0.00079"]
[Site "IECG email"]
[Date "2007.02.12"]
[Round "2.3"]
[White "Vorobiev, Alexander"]
[Black "Fuzishawa, Richard"]
[Result "1/2-1/2"]
[WhiteElo "2014"]
[BlackElo "2059"]
[PlyCount "43"]
[EventDate "2007.02.12"]
[EventType "tourn (corr)"]
[EventRounds "6"]
[SourceTitle "Corr 2024"]
[Source "ChessBase"]
[SourceDate "2023.10.19"]
[SourceVersion "1"]
[SourceVersionDate "2023.10.19"]
[SourceQuality "1"]

1. e4 c5 2. Nf3 d6 3. c3 Nf6 4. Be2 e5 5. 0-0 Be7 6. d4 exd4 7. cxd4 Nxe4 8. Qc2 Nf6 9. dxc5 dxc5 10. Rd1 Qb6 11. Nc3 0-0 12. Be3 Bd7 13. b4 Qc7 14. Rac1 cxb4 15. Nd5 Nxd5 16. Qxc7 Nxc7 17. Rxc7 Bf6 18. Rcxd7 Nxd7 19. Rxd7 a5 20. Rxb7 Rab8 21. Ra7 Ra8 22. Rb7 1/2-1/2

[Event "IECG QA.2007.0.00079"]
[Site "IECG email"]
[Date "2007.02.12"]
[Round "2.1"]
[White "Vorobiev, Alexander"]
[Black "Sherwood, Russell"]
[Result "1-0"]
[WhiteElo "2014"]
[BlackElo "1829"]
[PlyCount "79"]
[EventDate "2007.02.12"]
[EventType "tourn (corr)"]
[EventRounds "6"]
[SourceTitle "Corr 2024"]
[Source "ChessBase"]
[SourceDate "2023.10.19"]
[SourceVersion "1"]
[SourceVersionDate "2023.10.19"]
[SourceQuality "1"]

1. e4 c5 2. c3 Nf6 3. e5 Nd5 4. d4 cxd4 5. Nf3 e6 6. cxd4 d6 7. Nc3 Nxc3 8. bxc3 Qc7 9. Qb3 Nd7 10. Bf4 Be7 11. Bd3 b6 12. Be4 d5 13. Bd3 Bb7 14. Qc2 Rc8 15. Bd2 h6 16. 0-0 a6 17. Rab1 Qc6 18. a4 Rc7 19. Ne1 Rc8 20. f4 g6 21. Nf3 Kf8 22. Bxg6 fxg6 23. Qxg6 Rg8 24. Qh5 Kg7 25. f5 exf5 26. e6 Qxe6 27. Rbe1 Qg6 28. Rxe7+ Kh8 29. Qxg6 Rxg6 30. Rxd7 Bc6 31. Ne5 Bxd7 32. Nxg6+ Kh7 33. Ne7 Rf8 34. Nxd5 Bxa4 35. Nxb6 Bc2 36. c4 Bd3 37. Rc1 Re8 38. c5 Re2 39. c6 Re4 40. c7 1-0

[Event "IECG CP.2006.P.00013 email"]
[Site "IECG email"]
[Date "2006.10.01"]
[Round "?"]
[White "Vorobiev, Alexander"]
[Black "Morihama, Nicolau"]
[Result "0-1"]
[WhiteElo "2042"]
[BlackElo "2145"]
[PlyCount "26"]
[EventDate "2006.10.01"]
[EventType "tourn (corr)"]
[EventRounds "6"]
[SourceTitle "Corr 2024"]
[Source "ChessBase"]
[SourceDate "2023.10.19"]
[SourceVersion "1"]
[SourceVersionDate "2023.10.19"]
[SourceQuality "1"]

1. e4 c6 2. d4 d5 3. exd5 cxd5 4. Nf3 Nf6 5. Bd3 Bg4 6. 0-0 Nc6 7. c3 e6 8. Re1 Bd6 9. Bg5 h6 10. Bh4 Qc7 11. h3 Bh5 12. b4 g5 13. Nxg5 Bxd1 0-1

[Event "IECG CP-2005-P-00128"]
[Site "IECG email"]
[Date "2005.10.01"]
[Round "?"]
[White "Burkett, Max"]
[Black "Vorobiev, Alexander"]
[Result "1-0"]
[WhiteElo "2157"]
[BlackElo "2112"]
[PlyCount "23"]
[EventDate "2005.??.??"]
[EventType "tourn (corr)"]
[EventRounds "6"]
[SourceTitle "Corr 2024"]
[Source "ChessBase"]
[SourceDate "2023.10.19"]
[SourceVersion "1"]
[SourceVersionDate "2023.10.19"]
[SourceQuality "1"]

1. e4 e5 2. Bc4 Nf6 3. d4 exd4 4. Nf3 Bb4+ 5. c3 dxc3 6. bxc3 Bc5 7. e5 d5 8. exf6 dxc4 9. Qe2+ Be6 10. fxg7 Rg8 11. Ng5 Rxg7 12. Nxe6 1-0

[Event "IECG TE.2005.P.01836 email"]
[Site "IECG email"]
[Date "2005.03.24"]
[Round "2"]
[White "Garcia Medinilla, Daniel"]
[Black "Vorobiev, Alexander"]
[Result "1-0"]
[WhiteElo "1600"]
[BlackElo "2096"]
[PlyCount "55"]
[EventDate "2005.03.24"]
[EventType "tourn (corr)"]
[EventRounds "4"]
[SourceTitle "Corr 2024"]
[Source "ChessBase"]
[SourceDate "2023.10.19"]
[SourceVersion "1"]
[SourceVersionDate "2023.10.19"]
[SourceQuality "1"]

1. d4 Nf6 2. c4 c5 3. d5 b5 4. Nf3 bxc4 5. Nc3 d6 6. e4 g6 7. Bxc4 Bg7 8. e5 dxe5 9. Nxe5 0-0 10. Be3 Qc7 11. Nd3 Ba6 12. Qa4 Qd7 13. Rc1 Rd8 14. b3 Qxa4 15. Nxa4 Nxd5 16. Bxd5 Rxd5 17. Naxc5 Bxd3 18. Nxd3 Na6 19. Ke2 Rad8 20. Rhd1 R5d7 21. a4 Nc7 22. Nb4 Rxd1 23. Rxd1 Rxd1 24. Kxd1 a6 25. Kc2 e6 26. Kd3 Bf8 27. Kc4 Bd6 28. Bb6 1-0

[Event "IECG TE.2005.P.01836 email"]
[Site "IECG email"]
[Date "2005.03.24"]
[Round "1"]
[White "Hrvacic, Pavle"]
[Black "Vorobiev, Alexander"]
[Result "1-0"]
[WhiteElo "2194"]
[BlackElo "2096"]
[PlyCount "39"]
[EventDate "2005.03.24"]
[EventType "tourn (corr)"]
[EventRounds "4"]
[SourceTitle "Corr 2024"]
[Source "ChessBase"]
[SourceDate "2023.10.19"]
[SourceVersion "1"]
[SourceVersionDate "2023.10.19"]
[SourceQuality "1"]

1. d4 Nf6 2. c4 c5 3. d5 b5 4. Nf3 Bb7 5. Qc2 e6 6. e4 bxc4 7. Bxc4 exd5 8. exd5 Qe7+ 9. Kd1 Qd6 10. Bg5 Bxd5 11. Bxd5 Qxd5+ 12. Kc1 Be7 13. Nc3 Qc6 14. Re1 Kf8 15. Qe2 Qe6 16. Qd2 Qa6 17. Ne5 Qd6 18. Qf4 Nc6 19. Bxf6 Bxf6 20. Ng6+ 1-0